| 000 | 01960nam0a2200349 4500 | ||
|---|---|---|---|
| 001 | RU\NLR\BIBL_A\011340097 | ||
| 005 | 20240921224152.0 | ||
| 010 |
_a9785171003289 _97000 |
||
| 021 |
_aRU _b2017-84и _94и |
||
| 035 | _a(NLR Aleph) 011340097 | ||
| 090 |
_a11187715 _c11187715 |
||
| 100 | _a20170306d2016 u y0rusy50 ca | ||
| 101 | 1 |
_arus _ceng |
|
| 102 | _aRU | ||
| 105 | _a t 000 | ||
| 200 | 1 |
_aAssassins’s creed _iИспытание огнем _e[графический роман] _fсюжет Энтони Дель Кол, Конор Маккрири _g[перевод с английского Александра Костенко] _gхудожник Нил Эдвардс |
|
| 210 |
_aМосква _cАСТ _d2016 |
||
| 215 |
_a[128] с. _cил., цв. ил. _d27 |
||
| 333 | _a16+ | ||
| 606 |
_aФилологические науки. Художественная литература -- Канада -- Канадская литература на английском языке -- с 1991 г. -- Народные книги. Лубочная литература. Комиксы -- Комиксы -- Фантастика _2rubbk |
||
| 606 |
_aИскусство. Искусствознание -- Графика -- Книжная графика -- Иллюстрация -- История иллюстрации -- Иллюстрация Канады -- с 1991 г. -- Иллюстративные издания _2rubbk |
||
| 675 | _a821.111(71) | ||
| 686 |
_aШ5(7Кан)164-864.45 _2rubbk |
||
| 686 |
_aЩ157.53(7Кан)64я6 _2rubbk |
||
| 686 | 1 | _aШ6(7К)167-440.4комикс{Лх1690-18комикс} | |
| 702 | 1 |
_4570 _7ca _8rus _aДель Кол _bЭ. _f1977- _gЭнтони _9170658 _3RU\NLR\AUTH\770170708 |
|
| 702 | 1 |
_4570 _7ca _8rus _aМаккрири _bК. _gКонор _9170881 _3RU\NLR\AUTH\770170931 |
|
| 702 | 1 |
_aЭдвардс _bН. _gНил _4040 |
|
| 942 | _cBOOK | ||
| 980 | _aNBR | ||